Be The Cowboy songs - Mitski - Statistics

General Stats
  • This quiz has been taken 62 times
  • The average score is 12 of 14
Answer Stats
Song % Correct
Washing Machine Heart
96%
Nobody
91%
Blue Light
87%
A Pearl
85%
Geyser
85%
A Horse Named Cold Air
83%
Lonesome Love
83%
Pink In The Night
81%
Two Slow Dancers
81%
Old Friend
79%
Me And My Husband
77%
Why Didn't You Stop Me
77%
Come Into The Water
74%
Remember My Name
72%
No matching quizzes found
Score Distribution
Percent of People with Each Score
Percentile by Number Answered
Your Score History
You have not taken this quiz